000 00456nam a2200169Ia 4500
003 GCL
008 140319s9999 xx 000 0 eng d
040 _aGCL /
_cGCL
082 0 4 _a901
_bF E
100 1 _aFUKUYAMA, FRANCIS
245 1 0 _aTHE END OF HISTORY AND THE LAST MAN /
_cFUKUYAMA, FRANCIS
260 _a[S.N] :
_bTHE FREE PRESS ،
_c1992
300 _a417 P
650 0 4 _aHISTORY, PHILOSOPHY
650 0 4 _aWORLD POLITICS - 1945
942 _2ddc
_cBK
999 _c21144
_d21144